[Event "Suizo"]
[Site "?"]
[Date "2016.02.06"]
[Round "?"]
[White "lvanoclocha"]
[Black "arodriguez"]
[Result "1-0"]
[WhiteElo "1969"]
[BlackElo "1865"]
[PlyCount "72"]
[EventDate "2016.??.??"]

1. e4 c5 2. Nf3 d6 3. d4 cxd4 4. Nxd4 Nf6 5. Nc3 g6 6. Be3 Bg7 7. f3 O-O 8. Qd2
Nc6 9. O-O-O Bd7 10. g4 Rb8 11. h4 b5 12. h5 b4 13. Nd5 Qa5 14. Nxc6 Qxa2 15.
Ndxe7+ Kh8 16. Qd3 Bxc6 17. Nxc6 Rbc8 18. Nd4 Qa1+ 19. Kd2 Qxb2 20. hxg6 Rc3
21. Qb5 fxg6 22. Bd3 Rfc8 23. Rc1 R3c5 24. Qa6 Qc3+ 25. Ke2 R5c6 26. Nxc6 Rxc6
27. Qxa7 Rc7 28. Qb8+ Rc8 29. Qb5 Rc7 30. g5 Nd7 31. Qd5 Be5 32. Qf7 Bg7 33.
Qxg6 Nf8 34. Qxd6 Rc8 35. f4 Rc6 36. Qd5 Rc5 1-0

[Event "Suizo"]
[Site "?"]
[Date "2016.02.06"]
[Round "?"]
[White "maperezi"]
[Black "wvelandia"]
[Result "1-0"]
[WhiteElo "1587"]
[BlackElo "1569"]
[PlyCount "91"]
[EventDate "2016.??.??"]

1. e4 Nc6 2. e5 Nxe5 3. d4 Nc6 4. Nf3 d5 5. Bd3 Bg4 6. Nc3 e6 7. O-O Nxd4 8. h3
Nxf3+ 9. gxf3 Bxh3 10. Re1 Bc5 11. a3 Qh4 12. Re2 O-O-O 13. Be3 Bxe3 14. fxe3
Qg3+ 15. Kh1 Qxf3+ 16. Kh2 d4 17. exd4 Rxd4 18. Qg1 g6 19. Qxd4 Kb8 20. Qxh8 b6
21. Qxg8+ Kb7 22. Qxh7 Bf5 23. Bxf5 Qxf5 24. Ree1 Qf6 25. Rf1 Qe5+ 26. Kh1 f5
27. Rae1 Qc5 28. Qxg6 Qc6+ 29. Kg1 Qc5+ 30. Kg2 Qc4 31. Qxe6 Qg4+ 32. Kf2 Qh4+
33. Ke2 f4 34. Qe4+ Kb8 35. Rxf4 Qh2+ 36. Kd1 Qh5+ 37. Kc1 Qg5 38. Rd1 a5 39.
b4 axb4 40. axb4 Ka7 41. Kb2 Qg3 42. Rf3 Qg7 43. Rfd3 b5 44. Rd7 Qf8 45. Rxc7+
Kb6 46. Qc6# 1-0

[Event "Suizo"]
[Site "?"]
[Date "2016.02.06"]
[Round "?"]
[White "jcferrer"]
[Black "jyanguas"]
[Result "0-1"]
[WhiteElo "1615"]
[BlackElo "1639"]
[PlyCount "59"]
[EventDate "2016.??.??"]

1. e4 e5 2. Nf3 Nc6 3. Bb5 a6 4. Ba4 Qf6 5. O-O d6 6. c3 Be7 7. d3 Nh6 8. Bg5
Qe6 9. Bxe7 Qxe7 10. Nbd2 b5 11. Bc2 Qf6 12. Re1 Qg6 13. Nf1 Bh3 14. Ng3 Bg4
15. Re3 O-O 16. h3 Be6 17. d4 exd4 18. cxd4 Nb4 19. Bb1 Qf6 20. e5 dxe5 21.
Nxe5 Rad8 22. a3 Nd5 23. Rf3 Nf4 24. Nh5 Qxe5 25. Nxf4 Rxd4 26. Qc2 Bf5 27.
Qxc7 Qxc7 28. Bxf5 Nxf5 29. Re1 Rxf4 30. Rfe3 0-1

[Event "Suizo"]
[Site "?"]
[Date "2016.02.06"]
[Round "?"]
[White "cfalmariov"]
[Black "jmarin"]
[Result "0-1"]
[WhiteElo "1509"]
[BlackElo "1709"]
[PlyCount "90"]
[EventDate "2016.??.??"]

1. d4 d5 2. e3 Nc6 3. Bd3 Nf6 4. h3 e5 5. g4 e4 6. g5 Nd7 7. Bb5 Qxg5 8. h4 Qg2
9. Bxc6 bxc6 10. Qe2 Qxh1 11. Nc3 Qxg1+ 12. Qf1 Qxf1+ 13. Kxf1 Be7 14. h5 Bg5
15. b3 Nf6 16. Bb2 Nxh5 17. Rd1 Bg4 18. Ke1 Bxd1 19. Kxd1 O-O 20. Kc1 f5 21.
Kb1 f4 22. a4 fxe3 23. fxe3 Bxe3 24. Ne2 Nf4 25. Ng3 Bd2 26. Nh1 Ne2 27. Ka2
Bb4 28. c3 Nxc3+ 29. Ka1 Rf1+ 30. Bc1 Rxc1+ 31. Kb2 Rb1+ 32. Kc2 Rxb3 33. Kxb3
a5 34. Nf2 Rf8 35. Ng4 h5 36. Ne5 Rf6 37. Nd7 e3 38. Ne5 e2 39. Nd3 Rf3 40. Kc2
Rxd3 41. Kxd3 e1=Q 42. Kc2 Nxa4 43. Kb3 Qd1+ 44. Ka2 Nc3+ 45. Kb2 Qb1# 0-1

[Event "Suizo"]
[Site "?"]
[Date "2016.02.06"]
[Round "?"]
[White "lchaires"]
[Black "nrapetti"]
[Result "0-1"]
[WhiteElo "1508"]
[BlackElo "1644"]
[PlyCount "82"]
[EventDate "2016.??.??"]

1. e4 e5 2. Nf3 Nc6 3. Bb5 Nge7 4. O-O a6 5. Ba4 d6 6. h3 Bd7 7. c3 h6 8. Bb3
Na5 9. Bc2 Ng6 10. d4 exd4 11. cxd4 Be7 12. Qd2 Nc6 13. Nc3 O-O 14. a3 Re8 15.
Qd1 Rc8 16. Be3 Na5 17. Re1 Nc4 18. Bc1 b5 19. b3 Nb6 20. b4 Nc4 21. a4 c6 22.
d5 Bf6 23. Qd3 cxd5 24. Qxd5 Bxc3 25. Bd2 Bxa1 26. Rxa1 Nxd2 27. Bd1 Nxf3+ 28.
Bxf3 Bc6 29. Qd3 Nf4 30. Qe3 Qg5 31. Kf1 f5 32. Qb3+ Kh8 33. axb5 Bxb5+ 34. Ke1
fxe4 35. Bg4 Nxg2+ 36. Kd1 Rc7 37. Qg3 Nf4 38. h4 Qe5 39. Ra3 Nd3 40. Qe3 Rc1+
41. Kd2 Qb2# 0-1

[Event "Suizo"]
[Site "?"]
[Date "2016.02.06"]
[Round "?"]
[White "smberczely"]
[Black "cbiancolillo"]
[Result "0-1"]
[WhiteElo "1729"]
[BlackElo "1651"]
[PlyCount "58"]
[EventDate "2016.??.??"]

1. d4 d5 2. e4 g6 3. e5 e6 4. Nf3 Bg7 5. Be2 Ne7 6. Bg5 O-O 7. O-O Nd7 8. c4 c6
9. Nc3 b6 10. b3 c5 11. cxd5 exd5 12. Rc1 Qe8 13. Qd2 Bb7 14. Qf4 Nf5 15. Rfe1
cxd4 16. Nb1 Nxe5 17. Nxe5 Bxe5 18. Qg4 Nd6 19. Bd3 Ne4 20. Bh6 f5 21. Qh4 Bf6
22. Qf4 Rf7 23. Nd2 Be5 24. Rxe4 fxe4 25. Qg5 exd3 26. Nf3 Bf4 27. Qh4 Bxc1 28.
Bxc1 Qe2 29. h3 Qd1+ 0-1

[Event "Suizo"]
[Site "?"]
[Date "2016.02.06"]
[Round "?"]
[White "epenela"]
[Black "doviedo"]
[Result "0-1"]
[WhiteElo "1546"]
[BlackElo "1797"]
[PlyCount "132"]
[EventDate "2016.??.??"]

1. e4 c5 2. Nf3 Nc6 3. d4 cxd4 4. Nxd4 e5 5. Nb5 d6 6. a4 a6 7. N5a3 Nf6 8. Nc3
Be7 9. Be2 O-O 10. O-O Be6 11. Bg5 Nxe4 12. Nxe4 Bxg5 13. Qxd6 Qxd6 14. Nxd6
Nd4 15. Bc4 Bxc4 16. Ndxc4 Bf6 17. Rfe1 b5 18. Nb6 Ra7 19. c3 Nb3 20. Rad1 Rb7
21. Nd7 Re8 22. axb5 axb5 23. Nxe5 g6 24. Ng4 Rxe1+ 25. Rxe1 Kg7 26. Nc2 Nc5
27. Nb4 Na4 28. Nd5 Bd8 29. Re8 Rd7 30. Rg8+ Kxg8 31. Ngf6+ Bxf6 32. Nxf6+ Kg7
33. Nxd7 Nxb2 34. Ne5 Na4 35. c4 b4 36. Nd3 b3 37. c5 Nxc5 38. Nb2 Kf6 39. Kf1
Ke5 40. Ke2 f5 41. Ke3 g5 42. g3 h5 43. h4 g4 44. Nc4+ Kd5 45. Nb2 Ne4 46. Nd3
Kc4 47. Ke2 Kc3 48. Ke3 b2 49. Nxb2 Kxb2 50. f3 Nxg3 51. Kf4 Ne2+ 52. Ke3 g3
53. Kxe2 f4 54. Kf1 Kc2 55. Ke2 Kc3 56. Kf1 Kd3 57. Kg2 Ke2 58. Kh3 Ke3 59. Kg2
Ke2 60. Kh3 g2 61. Kxg2 Ke3 62. Kg1 Kxf3 63. Kf1 Kg4 64. Kg2 Kxh4 65. Kf3 Kg5
66. Kg2 Kg4 0-1

[Event "Suizo"]
[Site "?"]
[Date "2016.02.06"]
[Round "?"]
[White "arodriguez"]
[Black "oiglesias"]
[Result "1-0"]
[WhiteElo "1874"]
[BlackElo "1828"]
[PlyCount "127"]
[EventDate "2016.??.??"]

1. d4 e6 2. c4 d5 3. Nc3 c6 4. Nf3 Nf6 5. Bg5 Be7 6. e3 a6 7. Rc1 h6 8. Bh4
Nfd7 9. Bxe7 Qxe7 10. Be2 Qb4 11. Qc2 dxc4 12. a3 Qb3 13. Qxb3 cxb3 14. Bc4 b5
15. Bxb3 a5 16. O-O Ba6 17. Rfd1 O-O 18. Ne4 a4 19. Ba2 Rd8 20. Nc5 Nxc5 21.
Rxc5 Bb7 22. Ne5 Rd6 23. Rdc1 Ra6 24. Bb1 Nd7 25. Nxd7 Rxd7 26. Be4 Rd6 27. Kf1
g6 28. Ke2 f5 29. Bb1 Kf7 30. Ba2 Ke7 31. f3 Rb6 32. g4 b4 33. axb4 Rxb4 34.
R1c2 Rb6 35. Kf2 Ba6 36. Bc4 Bb5 37. gxf5 gxf5 38. Kg3 Bxc4 39. R5xc4 Ra6 40.
Kh4 Kf6 41. Kh5 e5 42. Kxh6 exd4 43. Rxd4 Ke5+ 44. Kg5 Rxd4 45. exd4+ Kxd4 46.
Kxf5 Ra5+ 47. Kg6 c5 48. h4 Rb5 49. h5 Kd3 50. Rg2 Rb6+ 51. Kh7 Ke3 52. h6 Kxf3
53. Rc2 Rb7+ 54. Kg6 Rc7 55. h7 Rc6+ 56. Kg5 Rc8 57. Rc4 Ke3 58. Rxa4 Kd3 59.
Ra7 Kc2 60. Rb7 c4 61. Kg6 c3 62. bxc3 Kxc3 63. Kg7 Kd4 64. h8=Q 1-0

[Event "Suizo"]
[Site "?"]
[Date "2016.02.06"]
[Round "?"]
[White "jmartinezga"]
[Black "lvanoclocha"]
[Result "0-1"]
[WhiteElo "1775"]
[BlackElo "1961"]
[PlyCount "100"]
[EventDate "2016.??.??"]

1. e4 c5 2. Nf3 d6 3. c3 Nf6 4. h3 g6 5. Bd3 Bg7 6. O-O O-O 7. Bc2 Nc6 8. Re1
e5 9. d3 h6 10. Be3 Be6 11. Nbd2 Qd7 12. Nf1 Rac8 13. Qd2 Kh7 14. Ng3 b5 15. a3
a5 16. Nh2 Rfd8 17. f4 exf4 18. Bxf4 Ne5 19. Rad1 b4 20. a4 b3 21. Bb1 Qxa4 22.
Nf3 Nxf3+ 23. gxf3 Bxh3 24. Qh2 Be6 25. Kg2 Qb5 26. Rh1 h5 27. e5 dxe5 28. Bg5
Rh8 29. Bxf6 Bxf6 30. d4 Kg7 31. Bd3 c4 32. Be4 exd4 33. cxd4 Rhd8 34. Qg1 Qg5
35. Kf1 h4 36. Ne2 Qxg1+ 37. Rxg1 c3 38. bxc3 Bc4 39. Bd3 Bxd3 40. Rxd3 b2 41.
Rd1 a4 42. Nf4 a3 43. Nh5+ Kh6 44. Nxf6 a2 45. Ng4+ Kg7 46. Kf2 Rxc3 47. Ne3
Rb8 48. Nf5+ Kf8 49. Nxh4 b1=Q 50. Rxb1 Rxb1 0-1

[Event "Suizo"]
[Site "?"]
[Date "2016.02.06"]
[Round "?"]
[White "wvelandia"]
[Black "maadan"]
[Result "0-1"]
[WhiteElo "1581"]
[BlackElo "1592"]
[PlyCount "80"]
[EventDate "2016.??.??"]

1. d4 d6 2. Nc3 Nf6 3. Bg5 h6 4. Bh4 g5 5. Bg3 c5 6. e4 cxd4 7. Nb5 e5 8. Bc4
Nxe4 9. Nf3 Nxg3 10. fxg3 g4 11. Nd2 a6 12. Na3 b5 13. Bb3 Bb7 14. O-O Nc6 15.
Qxg4 Qb6 16. Bxf7+ Kd8 17. Ne4 d3+ 18. Kh1 Bc8 19. Qh4+ Be7 20. Qh5 b4 21. Nc4
Qd4 22. cxd3 Qxd3 23. Ncxd6 Bxd6 24. Nxd6 Qxd6 25. Rad1 Nd4 26. Qh4+ Kc7 27.
Bb3 Bb7 28. Rf7+ Kb8 29. Ba4 Qd5 30. Rg1 Qxf7 31. g4 Ne2 32. Re1 Nf4 33. g5
Nxg2 34. Qg3 Nxe1+ 35. Kg1 Nf3+ 36. Kf2 Nxg5+ 37. Ke1 Qf4 38. Qg1 Nf3+ 39. Kf2
Nxg1+ 40. Kxg1 Rg8# 0-1

[Event "Suizo"]
[Site "?"]
[Date "2016.02.06"]
[Round "?"]
[White "nrapetti"]
[Black "maperezi"]
[Result "1-0"]
[WhiteElo "1636"]
[BlackElo "1576"]
[PlyCount "103"]
[EventDate "2016.??.??"]

1. e4 e5 2. Nf3 Nc6 3. Nc3 Nf6 4. h3 Bb4 5. a3 Bxc3 6. bxc3 O-O 7. d3 h6 8. Be2
Re8 9. O-O d6 10. Bd2 Nh5 11. Re1 Nf4 12. Bxf4 exf4 13. Nd4 d5 14. exd5 Qxd5
15. Bf3 Rxe1+ 16. Qxe1 Qg5 17. Qe8+ Kh7 18. Be4+ f5 19. Bxc6 bxc6 20. Re1 f3
21. Nxf3 Qg6 22. Qxg6+ Kxg6 23. Re7 Ba6 24. Rxc7 Bb5 25. Ne5+ Kh7 26. c4 Ba4
27. c3 a5 28. Nxc6 Bc2 29. d4 Kg6 30. Ne5+ Kf6 31. Rf7+ Ke6 32. Rxg7 Rb8 33.
Rg6+ Ke7 34. Nc6+ Kf7 35. Nxb8 Kxg6 36. c5 Be4 37. Nd7 Kf7 38. Ne5+ Ke7 39. f3
Bd5 40. c4 Bxc4 41. Nxc4 Ke6 42. Nb6 f4 43. Kf2 Ke7 44. d5 Kd8 45. g3 fxg3+ 46.
Kxg3 Kc7 47. Kf4 a4 48. Ke5 h5 49. Ke6 h4 50. d6+ Kd8 51. c6 Ke8 52. c7 1-0

[Event "Suizo"]
[Site "?"]
[Date "2016.02.06"]
[Round "?"]
[White "cbiancolillo"]
[Black "cfalmariov"]
[Result "1-0"]
[WhiteElo "1638"]
[BlackElo "1515"]
[PlyCount "59"]
[EventDate "2016.??.??"]

1. d4 d5 2. Nf3 e6 3. g3 h6 4. Bg2 c6 5. O-O Bd6 6. Bf4 g5 7. Be5 f6 8. Bxd6
Qxd6 9. Nc3 b5 10. e3 b4 11. Ne2 a5 12. a3 g4 13. Nh4 h5 14. Ng6 Rh6 15. Nef4
Ne7 16. Nxe7 Qxe7 17. c3 bxc3 18. bxc3 Na6 19. Qd3 a4 20. c4 e5 21. Ng6 Qg7 22.
dxe5 fxe5 23. cxd5 Rxg6 24. d6 Nc5 25. Bxc6+ Bd7 26. Qd5 Ra5 27. Rac1 Kd8 28.
Rxc5 Be6 29. Rxa5 Bxd5 30. Ra8# 1-0

[Event "Suizo"]
[Site "?"]
[Date "2016.02.06"]
[Round "?"]
[White "jmarin"]
[Black "jcferrer"]
[Result "1-0"]
[WhiteElo "1704"]
[BlackElo "1625"]
[PlyCount "49"]
[EventDate "2016.??.??"]

1. e4 e5 2. Nf3 Nc6 3. Bc4 h6 4. Nc3 d6 5. a3 Nf6 6. d4 exd4 7. Nxd4 Ne5 8. Bb3
Bg4 9. f3 Bd7 10. O-O Be7 11. f4 Nc6 12. Be3 Ng4 13. Qe2 Nxe3 14. Qxe3 O-O 15.
Rf3 Re8 16. Rg3 Bh4 17. Rf3 Nxd4 18. Qxd4 Bc6 19. Nd5 Bf6 20. Qc4 Bxb2 21. Rd1
Bxa3 22. Rg3 Bc5+ 23. Ne3 Rxe4 24. Qxf7+ Kh8 25. Qxg7# 1-0

[Event "Suizo"]
[Site "?"]
[Date "2016.02.06"]
[Round "?"]
[White "jyanguas"]
[Black "epenela"]
[Result "0-1"]
[WhiteElo "1627"]
[BlackElo "1550"]
[PlyCount "52"]
[EventDate "2016.??.??"]

1. e4 c5 2. Nf3 d6 3. Nc3 Nc6 4. d4 cxd4 5. Nxd4 a6 6. Bc4 e6 7. Qd3 g6 8. Nxc6
bxc6 9. O-O Bg7 10. Bb3 Ne7 11. Ba4 O-O 12. Bb3 a5 13. Qh3 d5 14. exd5 exd5 15.
Bh6 Bxh3 16. Rad1 Bxh6 17. Ne4 Bf5 18. Nf6+ Kg7 19. Nxd5 cxd5 20. Rfe1 Be6 21.
c4 d4 22. Re4 Nf5 23. g4 Nh4 24. Rexd4 Nf3+ 25. Kg2 Nxd4 26. Rxd4 Qxd4 0-1

[Event "Suizo"]
[Site "?"]
[Date "2016.02.06"]
[Round "?"]
[White "doviedo"]
[Black "jmartinezga"]
[Result "0-1"]
[WhiteElo "1793"]
[BlackElo "1780"]
[PlyCount "111"]
[EventDate "2016.??.??"]

1. d4 Nf6 2. c4 e5 3. Bg5 Bb4+ 4. Nc3 d6 5. dxe5 Bxc3+ 6. bxc3 dxe5 7. Qxd8+
Kxd8 8. Nf3 Re8 9. Rd1+ Bd7 10. g3 h6 11. Bxf6+ gxf6 12. Bh3 a5 13. O-O Kc8 14.
Bg2 Ra6 15. Nd2 Rd6 16. Ne4 Rxd1 17. Rxd1 Re6 18. Nc5 Rb6 19. Nxd7 Nxd7 20. Bh3
Rd6 21. Rb1 b6 22. Rb2 Kd8 23. Bxd7 Rxd7 24. f3 Rd6 25. Kf2 Rc6 26. Rd2+ Ke7
27. Rc2 Rxc4 28. h4 b5 29. Rb2 c6 30. Rb3 a4 31. Ra3 Kd6 32. g4 Kd5 33. e3 Ke6
34. Kg3 f5 35. g5 hxg5 36. hxg5 Ke7 37. f4 exf4+ 38. exf4 Re4 39. c4 Rxc4 40.
Rd3 b4 41. Re3+ Re4 42. Rd3 Ke6 43. Kf3 c5 44. Rd8 Ke7 45. Rc8 c4 46. Rc7+ Kf8
47. Rc5 c3 48. Rxf5 Rc4 49. g6 c2 50. Rxf7+ Kg8 51. Kg4 c1=Q 52. Kg5 Qg1+ 53.
Kh6 Qh2+ 54. Kg5 Rc5+ 55. f5 Qg3+ 56. Kf6 0-1

[Event "Suizo"]
[Site "?"]
[Date "2016.02.06"]
[Round "?"]
[White "oiglesias"]
[Black "smberczely"]
[Result "1-0"]
[WhiteElo "1838"]
[BlackElo "1745"]
[PlyCount "49"]
[EventDate "2016.??.??"]

1. c4 e5 2. Nc3 Nc6 3. e3 Nf6 4. Be2 Bb4 5. a3 Bxc3 6. bxc3 O-O 7. a4 d6 8. d4
e4 9. Ba3 Re8 10. h4 Ne7 11. h5 Nf5 12. Nh3 Nd7 13. Nf4 Qg5 14. g4 Nf6 15. gxf5
Bxf5 16. Kd2 Bd7 17. h6 g6 18. Bb4 a5 19. Ba3 c6 20. Qb3 Rab8 21. Rag1 Ng4 22.
Bxd6 Be6 23. Bxb8 Rxb8 24. Rg3 b5 25. Nxe6 1-0

[Event "Suizo"]
[Site "?"]
[Date "2016.02.06"]
[Round "?"]
[White "arodriguez"]
[Black "ppabaram"]
[Result "1-0"]
[WhiteElo "1863"]
[BlackElo "1724"]
[PlyCount "91"]
[EventDate "2016.??.??"]

1. d4 Nc6 2. e4 d6 3. Nf3 Bg4 4. Be2 Nf6 5. Nc3 e5 6. d5 Ne7 7. O-O c6 8. Bg5
Ng6 9. h3 Bxf3 10. Bxf3 Be7 11. Re1 O-O 12. Qd2 cxd5 13. exd5 Nxd5 14. Bxe7
Ndxe7 15. Rad1 Nf5 16. Bg4 Nd4 17. Ne2 f5 18. Nxd4 fxg4 19. Ne6 Qh4 20. Nxf8
Rxf8 21. hxg4 Nf4 22. f3 Rf6 23. Qf2 Qg5 24. Qxa7 h5 25. Qb8+ Kh7 26. Qc8 Qh4
27. gxh5 Re6 28. Re4 Qxh5 29. Rxf4 exf4 30. Qxe6 Qc5+ 31. Kh2 Qxc2 32. Qe4+
Qxe4 33. fxe4 g5 34. Rxd6 Kg7 35. Kh3 Kf7 36. Kg4 Ke7 37. Rb6 Kd7 38. Kxg5 Kc7
39. Rh6 b5 40. Kxf4 Kd8 41. Rh7 Ke8 42. Ke5 Kf8 43. Ke6 Kg8 44. Ra7 Kf8 45. b4
Ke8 46. Ra8# 1-0

[Event "Suizo"]
[Site "?"]
[Date "2016.02.06"]
[Round "?"]
[White "lvanoclocha"]
[Black "lchaires"]
[Result "1-0"]
[WhiteElo "1955"]
[BlackElo "1516"]
[PlyCount "57"]
[EventDate "2016.??.??"]

1. e4 c6 2. Nf3 d5 3. Nc3 Bg4 4. d4 h6 5. h3 Bh5 6. exd5 cxd5 7. Bb5+ Nc6 8. g4
Bg6 9. Ne5 Qd6 10. Bf4 a6 11. Ba4 b5 12. Bb3 e6 13. Nxg6 Qd8 14. Nxh8 Nf6 15.
g5 Ne4 16. Nxe4 dxe4 17. gxh6 gxh6 18. d5 Nb4 19. dxe6 Qxd1+ 20. Rxd1 f5 21.
Ng6 Bc5 22. Bxh6 Nc6 23. Rd5 Bb4+ 24. c3 Ba5 25. Ke2 Rd8 26. Rxd8+ Bxd8 27. Rd1
Bh4 28. Rd6 Nb8 29. Rb6 1-0

[Event "Suizo"]
[Site "?"]
[Date "2016.02.06"]
[Round "?"]
[White "lchaires"]
[Black "jyanguas"]
[Result "1-0"]
[WhiteElo "1517"]
[BlackElo "1643"]
[PlyCount "51"]
[EventDate "2016.??.??"]

1. e4 e5 2. Nf3 Nc6 3. Bb5 Qf6 4. c3 a6 5. Ba4 Be7 6. d3 Nh6 7. d4 d6 8. d5 b5
9. Bc2 Na5 10. b4 Nc4 11. Bb3 Bg4 12. Qd3 Bxf3 13. gxf3 O-O 14. Bg5 Qxg5 15.
Bxc4 bxc4 16. Qe2 Qc1+ 17. Qd1 Qxd1+ 18. Kxd1 f5 19. Nd2 Bh4 20. Ke2 fxe4 21.
Nxe4 a5 22. b5 Rab8 23. a4 Rf4 24. Ke3 Rf7 25. Nd2 Nf5+ 26. Ke2 1-0

[Event "Suizo"]
[Site "?"]
[Date "2016.02.06"]
[Round "?"]
[White "epenela"]
[Black "jmarin"]
[Result "1-0"]
[WhiteElo "1534"]
[BlackElo "1695"]
[PlyCount "127"]
[EventDate "2016.??.??"]

1. e4 Nc6 2. Nc3 e5 3. Nf3 d6 4. h3 Nf6 5. g3 Be6 6. Bg2 Qc8 7. d4 Bd7 8. d5
Ne7 9. Bg5 Ng6 10. Qd2 Be7 11. O-O-O a5 12. Ne1 b5 13. f4 c6 14. Nf3 b4 15. Na4
Rb8 16. Bxf6 Bxf6 17. b3 c5 18. Nb2 Bb5 19. Bf1 Bxf1 20. Rdxf1 h6 21. Nc4 Qd8
22. Qf2 O-O 23. f5 Nh8 24. h4 a4 25. g4 axb3 26. cxb3 Ra8 27. Rfg1 Ng6 28. fxg6
fxg6 29. g5 hxg5 30. hxg5 Bxg5+ 31. Kb1 Bh6 32. Rxg6 Rf6 33. Rg2 Qf8 34. Rh3
Ra7 35. Qg3 Raf7 36. Nfd2 Bxd2 37. Nxd2 Qe7 38. Qh2 Rf8 39. Rh8+ Kf7 40. Qh5+
g6 41. Rh7+ Ke8 42. Rxe7+ Kxe7 43. Qh7+ R8f7 44. Qh3 Rf4 45. Qc8 Kf6 46. Qe6+
Kg7 47. Rxg6+ Kf8 48. Rh6 Kg7 49. Qxd6 Rf2 50. Qxe5+ Kxh6 51. Qe6+ Kg7 52. Qg4+
Kf8 53. Qd1 Rh2 54. d6 Rff2 55. Kc2 Ke8 56. Kd3 Kd7 57. e5 Rh3+ 58. Kc4 Kc6 59.
Ne4 Rff3 60. Qd5+ Kd7 61. e6+ Kc8 62. d7+ Kd8 63. e7+ Kxe7 64. d8=Q# 1-0

[Event "Suizo"]
[Site "?"]
[Date "2016.02.06"]
[Round "?"]
[White "cfalmariov"]
[Black "ppabaram"]
[Result "0-1"]
[WhiteElo "1523"]
[BlackElo "1732"]
[PlyCount "76"]
[EventDate "2016.??.??"]

1. d4 d5 2. e3 Nc6 3. Bd3 Nf6 4. h3 e5 5. c3 e4 6. Bb5 Bd6 7. g4 a6 8. Be2 Be6
9. b4 b5 10. a3 Nd7 11. f4 Nb6 12. Nd2 Nc4 13. h4 Nxe3 14. Nb3 Nxd1 15. Kxd1
Qd7 16. f5 Bxf5 17. gxf5 Qxf5 18. Bd2 O-O-O 19. Kc1 Bf4 20. Kb2 e3 21. Be1 g5
22. Nc5 gxh4 23. Rxh4 Qg5 24. Bg4+ Kb8 25. Nxa6+ Kb7 26. Nf3 Qg6 27. Nc5+ Ka8
28. Rc1 f5 29. Bh5 Qg2+ 30. Rc2 Qf1 31. Bf7 Qxf3 32. Be6 Bg3 33. Rh3 f4 34.
Bxg3 fxg3 35. Rh6 g2 36. Rh3 Qf1 37. Rxe3 g1=Q 38. Ree2 Qb1# 0-1

[Event "Suizo"]
[Site "?"]
[Date "2016.02.06"]
[Round "?"]
[White "maadan"]
[Black "smberczely"]
[Result "0-1"]
[WhiteElo "1580"]
[BlackElo "1755"]
[PlyCount "66"]
[EventDate "2016.??.??"]

1. e4 d6 2. d4 Nc6 3. d5 Ne5 4. Nf3 Nf6 5. Nc3 g6 6. Nxe5 dxe5 7. Bb5+ Bd7 8.
Bxd7+ Qxd7 9. b3 Bg7 10. Be3 O-O 11. Qd2 Qg4 12. g3 Nxe4 13. Nxe4 Qxe4 14. h4
Qxh1+ 15. Ke2 Qxa1 16. c4 Rad8 17. Bxa7 c6 18. Bb6 Rd7 19. f4 exf4 20. gxf4
cxd5 21. cxd5 Qf6 22. Bd4 Qxd4 23. Qxd4 Bxd4 24. Kf3 Rxd5 25. Ke4 e6 26. a4
Rfd8 27. b4 Bc3 28. b5 Rd4+ 29. Kf3 Rxa4 30. Kg4 Rdd4 31. Kg5 Kg7 32. b6 Rxf4
33. h5 Bf6# 0-1

[Event "Suizo"]
[Site "?"]
[Date "2016.02.06"]
[Round "?"]
[White "maperezi"]
[Black "jmartinezga"]
[Result "0-1"]
[WhiteElo "1586"]
[BlackElo "1768"]
[PlyCount "64"]
[EventDate "2016.??.??"]

1. e4 c5 2. Nf3 Nc6 3. Nc3 d6 4. Bb5 Bd7 5. O-O Nf6 6. d3 e6 7. Bg5 Be7 8. Bxc6
Bxc6 9. b3 O-O 10. d4 cxd4 11. Nxd4 h6 12. Bf4 Rc8 13. Nxc6 Rxc6 14. h3 Rxc3
15. Be3 Nxe4 16. Qd4 d5 17. f3 Bc5 18. Qe5 Bxe3+ 19. Kh1 Nf2+ 20. Rxf2 Qc7 21.
Qxc7 Rxc7 22. Re2 Bf4 23. g4 Rfc8 24. c4 dxc4 25. b4 c3 26. Rc2 Rd7 27. a4 Rd2
28. Rxd2 cxd2 29. Rd1 Rc1 30. Rxc1 dxc1=Q+ 31. Kg2 Qd2+ 32. Kf1 Bg3 0-1

[Event "Suizo"]
[Site "?"]
[Date "2016.02.06"]
[Round "?"]
[White "wvelandia"]
[Black "doviedo"]
[Result "0-1"]
[WhiteElo "1594"]
[BlackElo "1805"]
[PlyCount "72"]
[EventDate "2016.??.??"]

1. Nc3 d5 2. d4 Nf6 3. Nf3 e6 4. Bf4 Bb4 5. e3 Ne4 6. Bd3 Nxc3 7. O-O Nxd1 8.
Raxd1 Bd6 9. Bg5 f6 10. Bh4 g5 11. Bg3 Bxg3 12. fxg3 Nc6 13. Nd2 Bd7 14. c4 Qe7
15. cxd5 exd5 16. Rde1 O-O-O 17. Bb5 a6 18. Ba4 Kb8 19. e4 Nxd4 20. exd5 Qc5
21. Bb3 Nf3+ 22. Kh1 Nxd2 23. Rxf6 Nxb3 24. axb3 Rhf8 25. Rh6 Qf2 26. Rg1 Bf5
27. h3 Be4 28. b4 Qxg3 29. Rh5 Bf3 30. gxf3 Qxf3+ 31. Kh2 Qxh5 32. Rg2 Rxd5 33.
b3 g4 34. Rg3 Rd2+ 35. Kg1 gxh3 36. b5 Qd1# 0-1

[Event "Suizo"]
[Site "?"]
[Date "2016.02.06"]
[Round "?"]
[White "nrapetti"]
[Black "oiglesias"]
[Result "0-1"]
[WhiteElo "1626"]
[BlackElo "1829"]
[PlyCount "68"]
[EventDate "2016.??.??"]

1. d4 e6 2. c4 d5 3. e3 Nf6 4. Nf3 c6 5. Bd2 Nbd7 6. Nc3 a6 7. Be2 dxc4 8. Bxc4
b5 9. Bb3 a5 10. a3 Nb6 11. O-O Be7 12. h3 O-O 13. Re1 Bb7 14. Rc1 Nfd7 15. Ne4
Nd5 16. Nc5 Bxc5 17. dxc5 Qc8 18. Bxd5 cxd5 19. b4 axb4 20. axb4 Bc6 21. Qe2 e5
22. Ra1 Qc7 23. Red1 Rxa1 24. Rxa1 Ra8 25. Rxa8+ Bxa8 26. Qxb5 d4 27. Qe2 d3
28. Qd1 e4 29. Nd4 Ne5 30. f4 Nc4 31. Bc3 Nxe3 32. Qh5 Qxf4 33. Bd2 Qf1+ 34.
Kh2 Qxg2# 0-1

[Event "Suizo"]
[Site "?"]
[Date "2016.02.06"]
[Round "?"]
[White "cbiancolillo"]
[Black "arodriguez"]
[Result "0-1"]
[WhiteElo "1631"]
[BlackElo "1855"]
[PlyCount "56"]
[EventDate "2016.??.??"]

1. d4 Nf6 2. e3 g6 3. c4 Bg7 4. c5 O-O 5. Nf3 d6 6. b4 c6 7. Be2 a5 8. Bd2 axb4
9. Bxb4 Na6 10. Bd2 dxc5 11. O-O cxd4 12. Nxd4 Ne4 13. Nc3 Nxd2 14. Qxd2 c5 15.
Nf3 Qxd2 16. Nxd2 Bxc3 17. Rad1 Be6 18. Nf3 Nb4 19. Rc1 Nxa2 20. Rb1 Bb4 21.
Bd3 Nc3 22. Ra1 Rxa1 23. Rxa1 c4 24. Bf1 b5 25. Ne5 Rd8 26. Ra7 Rd1 27. Rxe7
Ne2+ 28. Kh1 Rxf1# 0-1

[Event "Suizo"]
[Site "?"]
[Date "2016.02.06"]
[Round "?"]
[White "jcferrer"]
[Black "lvanoclocha"]
[Result "0-1"]
[WhiteElo "1633"]
[BlackElo "1954"]
[PlyCount "70"]
[EventDate "2016.??.??"]

1. e4 c5 2. Nf3 d6 3. d4 cxd4 4. Nxd4 Nf6 5. Nc3 g6 6. Bb5+ Nbd7 7. O-O Bg7 8.
Re1 O-O 9. b3 a6 10. Bd3 Nc5 11. Bf1 Qa5 12. Bd2 Qb6 13. Nd5 Nxd5 14. exd5 Bxd4
15. Rb1 Nd7 16. Rxe7 Bxf2+ 17. Kh1 Nf6 18. Qf3 Bd4 19. Bg5 Ng4 20. Bh4 Bf2 21.
Re2 Bxh4 22. g3 Bg5 23. Bh3 Ne5 24. Qg2 Bxh3 25. Qxh3 Bf6 26. Rf1 Bg7 27. Qh4
Rae8 28. Ref2 Qd8 29. Qf4 Qd7 30. c4 Qg4 31. Qe3 Qh3 32. Qb6 Ng4 33. Qxb7 Nxf2+
34. Rxf2 Re1+ 35. Rf1 Rxf1# 0-1